Loading...
| 1 | 20.00 | 100% | 100% | 0% | |
| Current Events | 1 | 10.00 | 100% | 0% | 0% |
| Fine Arts - Auditory Fine Arts | 6 | 20.00 | 100% | 83% | 17% |
| Fine Arts - Other Fine Arts | 6 | 13.33 | 83% | 50% | 0% |
| Fine Arts - Visual Fine Arts | 7 | 12.86 | 100% | 29% | 0% |
| Geography | 1 | 20.00 | 100% | 100% | 0% |
| History - American History | 6 | 15.00 | 100% | 50% | 0% |
| History - European History | 7 | 18.57 | 100% | 71% | 14% |
| History - Other History | 6 | 20.00 | 100% | 83% | 17% |
| History - World History | 6 | 21.67 | 100% | 67% | 50% |
| Literature - American Literature | 5 | 18.00 | 100% | 40% | 40% |
| Literature - British Literature | 7 | 20.00 | 86% | 86% | 29% |
| Literature - European Literature | 6 | 18.33 | 100% | 83% | 0% |
| Literature - World Literature | 6 | 16.67 | 83% | 83% | 0% |
| Mythology | 5 | 16.00 | 100% | 40% | 20% |
| Other Academic | 3 | 23.33 | 100% | 100% | 33% |
| Philosophy | 4 | 17.50 | 100% | 75% | 0% |
| Religion | 5 | 18.00 | 100% | 60% | 20% |
| Science - Biology | 3 | 16.67 | 100% | 67% | 0% |
| Science - Chemistry | 7 | 18.57 | 86% | 71% | 29% |
| Science - Other Science | 7 | 12.86 | 86% | 43% | 0% |
| Science - Physics | 8 | 15.00 | 88% | 50% | 13% |
| Social Science | 7 | 15.71 | 100% | 57% | 0% |